[Event "Yaroslav the Wise op"]
[Site "Yaroslavl"]
[Date "2018.07.25"]
[Round "6"]
[White "Yashmetov, Nikolay"]
[Black "Akochenok, Daniil"]
[Result "1/2-1/2"]
[WhiteElo "2158"]
[BlackElo "2023"]
[PlyCount "40"]
[EventDate "2018.07.20"]
[EventType "swiss"]
[EventRounds "9"]
[EventCountry "RUS"]
[SourceTitle "CBM 186 Extra"]
[Source "ChessBase"]
[SourceDate "2018.08.24"]
[SourceVersion "1"]
[SourceVersionDate "2018.08.24"]
[SourceQuality "1"]

1. e4 c5 2. Nf3 d6 3. d4 cxd4 4. Nxd4 Nf6 5. Nc3 a6 6. Be3 e6 7. f3 b5 8. Qd2 Nbd7 9. g4 h6 10. Bd3 Bb7 11. 0-0-0 b4 12. Nce2 d5 13. exd5 Nxd5 14. Ng3 Rc8 15. Rhe1 Qa5 16. Kb1 Nc5 17. Ne4 Nxe3 18. Qxe3 Bd5 19. Nb3 Nxb3 20. axb3 Be7 1/2-1/2

[Event "St Petersburg Summer op"]
[Site "St Petersburg"]
[Date "2017.08.24"]
[Round "9"]
[White "Yashmetov, Nikolay"]
[Black "Chistyakova, Daria"]
[Result "1-0"]
[WhiteElo "2083"]
[BlackElo "1841"]
[PlyCount "127"]
[EventDate "2017.08.16"]
[EventType "swiss"]
[EventRounds "9"]
[EventCountry "RUS"]
[SourceTitle "CBM 180 Extra"]
[Source "ChessBase"]
[SourceDate "2017.10.06"]
[SourceVersion "1"]
[SourceVersionDate "2017.10.06"]
[SourceQuality "1"]

1. Nf3 Nf6 2. b3 g6 3. Bb2 Bg7 4. g3 0-0 5. Bg2 c5 6. 0-0 d5 7. d4 cxd4 8. Nxd4 e5 9. Nf3 e4 10. Nd4 Nc6 11. e3 Bg4 12. Qd2 Qd7 13. Nxc6 bxc6 14. Na3 Bh3 15. c4 Bxg2 16. Kxg2 Ng4 17. h3 Ne5 18. Bxe5 Bxe5 19. Rad1 Qf5 20. Qe2 Rfd8 21. cxd5 cxd5 22. Nc2 Rac8 23. Nd4 Qf6 24. Rd2 Rc5 25. Rfd1 Rdc8 26. b4 Rc4 27. Nb3 Bc3 28. Rxd5 Bxb4 29. Rd8+ Kg7 30. Rxc8 Rxc8 31. Rd4 Qe7 32. Qb5 Be1 33. Rd1 Bc3 34. Qd5 Re8 35. Qc6 Qf6 36. Qxf6+ Bxf6 37. Rd5 Re5 38. Rd4 Re7 39. Ra4 Bc3 40. g4 f5 41. Rc4 Be5 42. gxf5 gxf5 43. f4 Bf6 44. Kf2 Rd7 45. Ke2 Kf7 46. Nc5 Rc7 47. Nxe4 Rxc4 48. Nd6+ Ke6 49. Nxc4 Kd5 50. Kd3 Kc5 51. Na3 Bb2 52. Nc2 a5 53. Nd4 Bxd4 54. exd4+ Kd5 55. a4 h6 56. h4 h5 57. Kc3 Ke4 58. Kc4 Kxf4 59. d5 Ke5 60. Kc5 f4 61. d6 Ke6 62. Kc6 f3 63. d7 Ke7 64. Kc7 1-0

[Event "St Petersburg Summer op"]
[Site "St Petersburg"]
[Date "2017.08.20"]
[Round "5"]
[White "Yashmetov, Nikolay"]
[Black "Abramov, Nikita"]
[Result "1-0"]
[WhiteElo "2083"]
[BlackElo "2311"]
[PlyCount "85"]
[EventDate "2017.08.16"]
[EventType "swiss"]
[EventRounds "9"]
[EventCountry "RUS"]
[SourceTitle "CBM 180 Extra"]
[Source "ChessBase"]
[SourceDate "2017.10.06"]
[SourceVersion "1"]
[SourceVersionDate "2017.10.06"]
[SourceQuality "1"]

1. e4 c5 2. Nf3 e6 3. d4 cxd4 4. Nxd4 a6 5. Bd3 Bc5 6. Nb3 Be7 7. Qg4 g6 8. Qe2 d6 9. 0-0 Nc6 10. c3 e5 11. Na3 Nf6 12. f3 0-0 13. Be3 d5 14. exd5 Nxd5 15. Nc2 Nxe3 16. Nxe3 Bg5 17. Kh1 Re8 18. Rad1 Nd4 19. Qe1 Bd7 20. Nc5 Bc6 21. Nc4 Nb5 22. a4 Nc7 23. Be4 Qe7 24. Nxb7 Bxa4 25. Ra1 Bb5 26. Nbd6 Bxc4 27. Nxc4 Rab8 28. Qf2 Qe6 29. Na5 Nd5 30. Rfe1 Bd8 31. Qc5 Nf6 32. Bc6 Bb6 33. Qa3 Red8 34. Be4 Bxa5 35. Qxa5 Rd2 36. b4 Rbd8 37. Bb7 e4 38. Qg5 h6 39. Qxh6 Qb6 40. Bxe4 Qf2 41. Qg5 Nxe4 42. fxe4 Rc2 43. Qxd8+ 1-0

[Event "St Petersburg Summer op"]
[Site "St Petersburg"]
[Date "2017.08.19"]
[Round "4"]
[White "Lobanov, Sergei"]
[Black "Yashmetov, Nikolay"]
[Result "1-0"]
[WhiteElo "2427"]
[BlackElo "2083"]
[PlyCount "55"]
[EventDate "2017.08.16"]
[EventType "swiss"]
[EventRounds "9"]
[EventCountry "RUS"]
[SourceTitle "CBM 180 Extra"]
[Source "ChessBase"]
[SourceDate "2017.10.06"]
[SourceVersion "1"]
[SourceVersionDate "2017.10.06"]
[SourceQuality "1"]

1. e4 c5 2. Nf3 d6 3. d4 cxd4 4. Nxd4 Nf6 5. Nc3 g6 6. Be3 Bg7 7. f3 a6 8. Qd2 Nbd7 9. g4 b5 10. h4 Bb7 11. h5 Rg8 12. hxg6 hxg6 13. g5 Nh5 14. Rg1 Nb6 15. a4 bxa4 16. Nxa4 Nxa4 17. Rxa4 d5 18. exd5 Qxd5 19. Bc4 Qd7 20. Rb4 Rd8 21. Ne6 Qxd2+ 22. Bxd2 fxe6 23. Rxb7 Bd4 24. Rg4 Bf2+ 25. Ke2 Bc5 26. Ba5 Rd6 27. b4 Bd4 28. Bc7 1-0

[Event "St Petersburg Summer op"]
[Site "St Petersburg"]
[Date "2017.08.17"]
[Round "2"]
[White "Nebolsina, Vera"]
[Black "Yashmetov, Nikolay"]
[Result "0-1"]
[WhiteElo "2295"]
[BlackElo "2083"]
[PlyCount "76"]
[EventDate "2017.08.16"]
[EventType "swiss"]
[EventRounds "9"]
[EventCountry "RUS"]
[SourceTitle "CBM 180 Extra"]
[Source "ChessBase"]
[SourceDate "2017.10.06"]
[SourceVersion "1"]
[SourceVersionDate "2017.10.06"]
[SourceQuality "1"]

1. e4 c5 2. Nf3 d6 3. Bb5+ Bd7 4. Bxd7+ Qxd7 5. c4 Nc6 6. d4 cxd4 7. Nxd4 Nf6 8. Nc3 g6 9. f3 Nxd4 10. Qxd4 Bg7 11. Be3 0-0 12. Qd3 Qc6 13. Rc1 Nd7 14. Qe2 Bxc3+ 15. Rxc3 Rfc8 16. 0-0 a6 17. Rfc1 a5 18. Qf2 a4 19. Qh4 Re8 20. Qg5 b6 21. Rd1 Ne5 22. Bd4 Ra5 23. Qh6 f6 24. Bxe5 Rxe5 25. Rd5 Rc8 26. Qc1 Kf7 27. Qc2 g5 28. Rb5 a3 29. Qb3 axb2 30. c5+ Kg7 31. Rxb6 Qc7 32. c6 Qa7 33. Qxb2 Ra5 34. Kf1 Rxa2 35. Qb3 Rb8 36. c7 Rxb6 37. Qxa2 Qxa2 38. c8Q Rb2 0-1

[Event "Voronezh op-B 20th"]
[Site "Voronezh"]
[Date "2016.06.19"]
[Round "7"]
[White "Saveliev, Dmitri"]
[Black "Yashmetov, Nikolay"]
[Result "0-1"]
[WhiteElo "2196"]
[BlackElo "1922"]
[PlyCount "130"]
[EventDate "2016.06.12"]
[EventType "swiss"]
[EventRounds "9"]
[EventCountry "RUS"]
[SourceTitle "EXT 2017"]
[Source "ChessBase"]
[SourceDate "2016.10.25"]
[SourceVersion "1"]
[SourceVersionDate "2016.10.25"]
[SourceQuality "1"]

1. d4 Nf6 2. c4 e6 3. Nf3 b6 4. e3 Bb7 5. Bd3 c5 6. 0-0 Be7 7. b3 0-0 8. Nbd2 cxd4 9. exd4 Bb4 10. Bb2 d6 11. Qe2 Bxd2 12. Nxd2 Re8 13. Rad1 Nbd7 14. Rfe1 Rc8 15. Nf1 Nf8 16. f3 Ng6 17. Qf2 d5 18. Ne3 Nf4 19. Bf1 Ng6 20. g3 Qd6 21. Bg2 Ne7 22. Rc1 Qb4 23. Bc3 Qa3 24. Qd2 Qd6 25. c5 Qb8 26. b4 Bc6 27. Bf1 bxc5 28. bxc5 Qc7 29. Ba5 Qd7 30. Rb1 Rb8 31. Qd3 Rxb1 32. Rxb1 Ng6 33. f4 Ne4 34. Qa6 Ne7 35. Nc2 Nf5 36. Rb3 Ba4 37. Bb5 Bxb5 38. Rxb5 e5 39. Be1 exd4 40. Rb7 Qc8 41. Qxa7 d3 42. Nb4 Qxc5+ 43. Qxc5 Nxc5 44. Rb5 Rxe1+ 45. Kf2 Re2+ 46. Kf1 Re8 47. Nxd5 d2 48. Nc3 Na4 49. Nd1 g6 50. Re5 Rxe5 51. fxe5 Nd4 52. Kf2 Nb5 53. Ke3 Nbc3 54. Kxd2 Nxd1 55. Kxd1 Nc3+ 56. Kc2 Nxa2 57. Kb3 Nc1+ 58. Kc2 Ne2 59. Kd3 Ng1 60. h4 Nf3 61. Ke4 Nd2+ 62. Kd5 Nf1 63. e6 fxe6+ 64. Kxe6 Nxg3 65. Kf6 Nh5+ 0-1

[Event "Voronezh op-B 20th"]
[Site "Voronezh"]
[Date "2016.06.14"]
[Round "3"]
[White "Novogenova, Anastasia"]
[Black "Yashmetov, Nikolay"]
[Result "0-1"]
[WhiteElo "1545"]
[BlackElo "1922"]
[PlyCount "32"]
[EventDate "2016.06.12"]
[EventType "swiss"]
[EventRounds "9"]
[EventCountry "RUS"]
[SourceTitle "EXT 2017"]
[Source "ChessBase"]
[SourceDate "2016.10.25"]
[SourceVersion "1"]
[SourceVersionDate "2016.10.25"]
[SourceQuality "1"]

1. d4 Nf6 2. c4 e6 3. Nc3 Bb4 4. Bd2 b6 5. Nf3 Bb7 6. e3 0-0 7. Bd3 c5 8. 0-0 d6 9. a3 Bxc3 10. Bxc3 Ne4 11. Rc1 Qe7 12. Qe2 Nd7 13. Rfd1 e5 14. d5 Nxc3 15. Rxc3 e4 16. Bxe4 Qxe4 0-1

[Event "Voronezh op-B 20th"]
[Site "Voronezh"]
[Date "2016.06.13"]
[Round "2"]
[White "Yashmetov, Nikolay"]
[Black "Filippov, Ivan"]
[Result "0-1"]
[WhiteElo "1922"]
[BlackElo "2045"]
[PlyCount "88"]
[EventDate "2016.06.12"]
[EventType "swiss"]
[EventRounds "9"]
[EventCountry "RUS"]
[SourceTitle "EXT 2017"]
[Source "ChessBase"]
[SourceDate "2016.10.25"]
[SourceVersion "1"]
[SourceVersionDate "2016.10.25"]
[SourceQuality "1"]

1. e4 e6 2. d4 d5 3. Nd2 dxe4 4. Nxe4 Bd7 5. Nf3 Bc6 6. Bd3 Nd7 7. 0-0 Ngf6 8. Bg5 Be7 9. Ng3 0-0 10. c4 Bxf3 11. Qxf3 c6 12. Rad1 Qa5 13. Bxf6 Nxf6 14. Bb1 Rfe8 15. Rfe1 Rad8 16. b3 Qc7 17. Ne4 Nd7 18. Nc3 Nf6 19. h3 Bb4 20. g3 Bxc3 21. Qxc3 e5 22. dxe5 Rxd1 23. Rxd1 Rxe5 24. Qd4 c5 25. Qf4 Qe7 26. Kg2 g5 27. Rd8+ Kg7 28. Qd2 h6 29. Bc2 Re2 30. Qd1 Rxc2 31. h4 Qe4+ 32. Kg1 Rb2 33. Rd3 Qe2 34. Qxe2 Rxe2 35. a4 gxh4 36. gxh4 Re4 37. Rh3 Kg6 38. Kg2 Rg4+ 39. Kf3 h5 40. Ke3 Kf5 41. Rh1 Re4+ 42. Kf3 Ng4 43. Rd1 Rd4 44. Rxd4 cxd4 0-1

[Event "Moscow Petrosian Memorial op"]
[Site "Moscow"]
[Date "2015.01.12"]
[Round "9"]
[White "Yashmetov, Nikolay"]
[Black "Chervonenkis, Boris"]
[Result "1/2-1/2"]
[WhiteElo "1737"]
[BlackElo "1538"]
[PlyCount "84"]
[EventDate "2015.01.04"]
[EventType "swiss"]
[EventRounds "9"]
[EventCountry "RUS"]
[SourceTitle "CBM 164 Extra"]
[Source "ChessBase"]
[SourceDate "2015.03.02"]
[SourceVersion "1"]
[SourceVersionDate "2015.03.02"]
[SourceQuality "1"]

1. e4 e5 2. Nf3 Nc6 3. d4 exd4 4. Nxd4 Nf6 5. Nxc6 bxc6 6. Bd3 d5 7. exd5 cxd5 8. 0-0 Be7 9. Nc3 0-0 10. h3 h6 11. Bf4 Bd6 12. Bxd6 Qxd6 13. Re1 Bd7 14. Qd2 Rfe8 15. Ne2 c5 16. c4 Bc6 17. cxd5 Nxd5 18. Nc3 Rxe1+ 19. Rxe1 Rd8 20. Rd1 Qd7 21. Nxd5 Qxd5 22. f3 Kh8 23. Qc2 Qe5 24. Qe2 Qxe2 25. Bxe2 Rxd1+ 26. Bxd1 Bd5 27. b3 g6 28. Kf2 Kg7 29. Ke3 Kf6 30. Bc2 Ke5 31. f4+ Ke6 32. g4 g5 33. Bd3 f6 34. Bf1 Kd6 35. Bc4 Bxc4 36. bxc4 Kd7 37. Kf3 Ke7 38. Kg3 Kd6 39. h4 Kd7 40. hxg5 hxg5 41. Kf3 Kd6 42. a4 a5 1/2-1/2

[Event "Moscow Petrosian Memorial op"]
[Site "Moscow"]
[Date "2015.01.05"]
[Round "2"]
[White "Kozhukhov, Aleksandr1"]
[Black "Yashmetov, Nikolay"]
[Result "0-1"]
[WhiteElo "1587"]
[BlackElo "1737"]
[PlyCount "56"]
[EventDate "2015.01.04"]
[EventType "swiss"]
[EventRounds "9"]
[EventCountry "RUS"]
[SourceTitle "CBM 164 Extra"]
[Source "ChessBase"]
[SourceDate "2015.03.02"]
[SourceVersion "1"]
[SourceVersionDate "2015.03.02"]
[SourceQuality "1"]

1. d4 Nf6 2. c4 e6 3. Nc3 Bb4 4. Nf3 b6 5. g3 Bb7 6. Bg2 0-0 7. 0-0 d5 8. Ne5 Ne4 9. Qb3 Bxc3 10. bxc3 f5 11. cxd5 Bxd5 12. c4 Bb7 13. e3 Nd7 14. f4 Nxe5 15. fxe5 Rb8 16. Rd1 h5 17. Ba3 Re8 18. d5 h4 19. dxe6 Qg5 20. gxh4 Qxh4 21. Qb2 Qg5 22. Rd3 Rxe6 23. Re1 Rh6 24. Qe2 Rg6 25. Kf1 Nc3 26. Rxc3 Bxg2+ 27. Kf2 Qh4+ 28. Kg1 Bf3+ 0-1